|
|
|
|
| LEADER |
00000nam a22000007i 4500 |
| 001 |
IT\ICCU\UBO\4881143 |
| 003 |
ItRI |
| 005 |
20260115231828.0 |
| 008 |
250527s1981 xxu|||||| ||||| |||||c |
| 020 |
|
|
|a 0930044185
|
| 040 |
|
|
|b ita
|c importazione bologna sebina
|
| 041 |
|
7 |
|a eng
|2 ISO-639-2
|
| 100 |
1 |
|
|a Taylor, Valerie
|0 IT\ICCU\SBLV\161977
|
| 240 |
1 |
0 |
|a Prism
|3 IT\ICCU\UBO\4881146
|9 Taylor, Valerie
|
| 245 |
1 |
0 |
|a Prism /
|c Valerie Taylor.
|
| 260 |
|
|
|a [s.l.] :
|b Naiad,
|c 1981
|
| 300 |
|
|
|a 146 p. ;
|c 21 cm
|
| 942 |
|
|
|2 ddc
|c BK
|n 0
|
| 952 |
|
|
|0 0
|1 0
|4 0
|6 L_813_540000000000000_TAY
|7 0
|9 13704
|a BO
|b BO
|d 2026-01-15
|i 18203
|l 0
|o L 813.54 TAY
|p BO18203
|r 2026-01-15 23:18:28
|w 2026-01-15
|x [Sebina 5] [1 v.]
|y BK
|z 1 v. (Ristampa 1982)
|
| 999 |
|
|
|c 11784
|d 11784
|